Sociální pracovnice v Berlíně.

Systém vzdelávania sociálnych pracovníkov rodinných poradní v SRN. Práca so zákazníkom v rodinnej poradni. Materiálne vybavenie poradní a ich personálne obsadenie.

Salvato in:
Dettagli Bibliografici
Autore principale: Lálová, J.
Natura: Capitolo di libro
Lingua:ceco
Soggetti:
Tags: Aggiungi Tag
Nessun Tag, puoi essere il primo ad aggiungerne!!

MARC

LEADER 00000naa a2200000 4500
001 r013807
005 20221213083126.4
041 0 |a cze 
044 |a CZ 
245 1 0 |a Sociální pracovnice v Berlíně.  |c J. Lálová 
520 |a Systém vzdelávania sociálnych pracovníkov rodinných poradní v SRN. Práca so zákazníkom v rodinnej poradni. Materiálne vybavenie poradní a ich personálne obsadenie. 
610 2 0 |a poradenstvo 
610 2 0 |a poradcovia 
610 2 0 |a rodina 
610 2 0 |a Nemecko 
610 2 0 |a starostlivosť o rodinu 
610 2 0 |a starostlivosť poradenská 
610 2 0 |a starostlivosť sociálna 
610 2 0 |a vzdelávanie 
610 2 0 |a Berlín 
100 1 |a Lálová, J.